000
00288nam a2200121Ia 4500
008
190216s9999||||xx |||||||||||||| ||und||
100
_a
Prasad L M
245
0
_a
Principles Of Principles Of Management
260
_b
Sulthan Chand&Sons
300
_a
690
650
_a
Commerce
942
_c
BK
999
_c
5678
_d
5678